Detalles MARC
| 000 -LIDER |
| fixed length control field |
01887nam a2200253 a 4500 |
| 001 - NÚMERO DE CONTROL |
| Identificador de número de control |
000037713 |
| 003 - IDENTIFICACDOR DE NÚMERO DE CONTROL |
| control field |
DO-SdBNP |
| 005 - DATE AND TIME OF LATEST TRANSACTION |
| control field |
20210809093159.0 |
| 008 - ELEMENTOS DE LONGITUD FIJA |
| fixed length control field |
121115s2012 dr a 000 0 spa d |
| 020 ## - ISBN |
| International Standard Book Number |
9789945164954 |
| 040 ## - FUENTE DE CATALOGACIÓN |
| Agencia que crea de manera original el registro |
BPMSU |
| Idioma de catalogación |
spa |
| Agencia que realiza la transcripción |
BPMSU |
| 082 ## - NÚMERO DE CLASIFICACIÓN DECIMAL DE DEWEY |
| Classification number |
362.8292 |
| Item number |
R763v 2012 |
| Edition number |
22 |
| 100 1# - ASIENTO PRINCIPAL -- NOMBRE PERSONAL |
| Nombre personal |
Romero, Lino |
| Fechas asociadas con el nombre |
1930- |
| 245 10 - MENCIÓN DE TITULO |
| Título |
Violencia intrafamiliar un enfoque socio-cultural : |
| Subtítulo |
vulnerabilidad y agresión en la historia dominicana / |
| Mención de responsabilidad |
Lino Romero. |
| 260 ## - PUBLICACIÓN, DISTRIBUCIÓN, ETC. (PIE DE IMPRENTA) |
| Lugar de publicación, distribución, etc |
Santo Domingo : |
| Nombre del editor, distribuidor, etc. |
Búho , |
| Fecha de publicación, distribución, etc |
2012. |
| 300 ## - DESCRIPCIÓN FÍSICA |
| Extensión |
xvii, 243 p. : |
| Otros detalles físicos |
il. ; |
| Dimensiones |
23 cm. |
| 500 ## - NOTA GENERAL |
| Nota general |
Incluye datos biográficos del autor en la solapa de la cubierta |
| 505 0# - NOTA DE CONTENIDO |
| Texto normalizado de contenido |
Definición, concepto e historia -- Esquemas -- Origen del vocablo feminicidio -- Predictores de violencia -- Factores que pueden incrementar la violencia intrafamiliar -- Análisis del cuadro pintado por Yoryi Morel en 1978 -- Padres irresponsables -- El machismo, la violencia doméstica -- Sado-masoquismo -- La mujer emocionalmente debe ser comprendida a fin de resolver sus problemas emocionales -- El homicidio en niños y jóvenes -- Violación de niños -- Incesto -- Estudios de casos especiales de violencia contra la mujer -- Peloteros y la violencia contra la mujer -- Casos excepcionales de violencia intrafamiliar -- Armas de fuego -- Estudio comparativo de la violencia intrafamiliar en la República Dominicana y los Estados Unidos -- El valor de divorciarse -- Las preguntas más frecuentes en los casos de violencia intrafamiliar -- Mitos sobre la violencia intrafamiliar -- Agencias comunitarias sin fines de lucro participantes en estudios de violencia intrafamiliar en la República Dominicana. |
| 590 ## - NOTA LOCAL |
| Enlace |
Inventariado, 2021/VM |
| 650 #4 - ENCABEZAMIENTO DE MATERIA--TEMÁTICO |
| Término temático o nombre geográfico como elemento de entrada |
Violencia conyugal |
| Subdivisión geográfica |
República Dominicana |
| 650 #4 - ENCABEZAMIENTO DE MATERIA--TEMÁTICO |
| Término temático o nombre geográfico como elemento de entrada |
Mujeres |
| Subdivisión temática general |
Condiciones sociales |
| Subdivisión geográfica |
República Dominicana |
| 910 ## - VALIDACIÓN |
| Validación |
VMateo V. |
| 942 ## - ADDED ENTRY ELEMENTS (KOHA) |
| Source of classification or shelving scheme |
Dewey Decimal Classification |
| Koha item type |
Libros |